000 00580cam a22002053a 4500
001 34970
003 PGUSA
005 20140828083744.0
008 110115s2011||||xxu|||||s|||||000 | eng d
040 _aPGUSA
_beng
042 _adc
100 1 _aMelville, Herman,
_d1819-1891
245 1 0 _aPierre; or The Ambiguities
_h[electronic resource] /
_cHerman Melville
260 _bProject Gutenberg,
_c2011
506 _aPublic domain in the USA.
516 _aElectronic text
830 0 _aProject Gutenberg
_v34970
856 4 0 _uhttp://www.gutenberg.org/ebooks/34970
942 _cEB
999 _c264225
_d264225